Celeste Lockout Bingo Objectives - Statistics

General Stats
  • This quiz has been taken 53 times
  • The average score is 129 of 232
Answer Stats
Tier Objective % Correct
17 6 Winged Berries
74%
20 8 Winged Berries
74%
19 All Berries in 0M (4)
74%
21 All Berries in 1000M (6)
74%
23 All Berries in 1500M (8)
74%
23 All Berries in 2000M (8)
74%
24 All Berries in 2500M (8)
74%
21 All Berries in 500M (6)
74%
5 Forsaken City B-Side
74%
4 Old Site B-Side
74%
5 4 Winged Berries
71%
9 5 Winged Berries
71%
17 7 Winged Berries
71%
1 All Berries in Chasm (5)
71%
15 All Berries in Search (6)
71%
1 All Berries in Start of 1A (6)
71%
16 Celestial Resort B-Side
71%
24 All Berries in 3000M (7)
69%
2 All Berries in Awake (1)
69%
8 All Berries in Cliff Face (5)
69%
4 All Berries in Intervention (8)
69%
6 All Berries in Presidential Suite (3)
69%
13 All Berries in Rescue (1)
69%
12 All Berries in Shrine (9)
69%
12 All Berries in Start of 3A (11)
69%
7 All Berries in Start of 4A (8)
69%
9 Celestial Resort Cassette
69%
1 Forsaken City Cassette
69%
11 Golden Ridge B-Side
69%
7 Golden Ridge Cassette
69%
5 Grabless 2A
69%
11 Mirror Temple B-Side
69%
1 Old Site Blue Heart
69%
2 Old Site Cassette
69%
14 Reflection Cassette
69%
25 The Summit B-Side
69%
25 100 Berries
67%
8 20 Berries
67%
14 35 Berries
67%
9 3 Seeded Berries
67%
5 3 Winged Berries
67%
23 4 Seeded Berries
67%
19 50 Berries
67%
8 5 Keys
67%
20 9 Winged Berries
67%
3 All Berries in Crossing (9)
67%
15 All Berries in Depths (11)
67%
8 All Berries in Elevator Shaft (4)
67%
8 All Berries in Huge Mess (7)
67%
2 All Berries in Start of 2A (9)
67%
12 All Berries in Start of 5A (12)
67%
6 Celestial Resort Blue Heart
67%
2 Complete Chasm without dashing
67%
1 Forsaken City Blue Heart
67%
5 Grabless 1A
67%
9 Mirror Temple Cassette
67%
2 Talk to Theo in Awake
67%
1 Talk to Theo in Crossing
67%
25 The Summit Blue Heart
67%
22 The Summit Cassette
67%
3 2 optional Theo cutscenes
64%
6 2 Seeded Berries
64%
14 40 Berries
64%
4 Complete Crossing without dashing
64%
12 Mirror Temple Blue Heart
64%
23 Reflection B-Side
64%
6 Talk to Theo in Elevator Shaft
64%
19 Use 2 Binoculars in 4 Chapters
64%
21 Winged Golden Berry
64%
20 10 Berries in 4 Chapters
62%
8 25 Berries
62%
9 4 Blue Hearts
62%
10 4 Cassettes
62%
21 All 4 optional Theo cutscenes
62%
13 All Berries in Into the Core (1)
62%
12 All Berries in Unraveling (1)
62%
1 Complete 1A Start without dashing
62%
7 Complete 3 A-Sides
62%
18 Complete 3 B-Sides
62%
23 Complete 4 B-Sides
62%
24 Core Blue Heart
62%
3 Get a 1-Up in 2 Chapters
62%
2 Get two 1-Ups
62%
20 Grabless 3A
62%
21 Grabless 5A
62%
14 Reflection Blue Heart
62%
16 Use 7 Binoculars
62%
17 10 Berries in 3 Chapters
60%
23 15 Berries in 3 Chapters
60%
22 4 Gems in The Summit
60%
15 5 Cassettes
60%
22 75 Berries
60%
24 All Berries in Heart of the Mountain (1)
60%
10 All Berries in Old Trail (7)
60%
4 All Collectibles in 1A
60%
7 All Collectibles in 2A
60%
20 All Collectibles in 3A
60%
19 All Collectibles in 4A
60%
24 All Collectibles in 5A
60%
12 Complete 2 B-Sides
60%
24 Complete 5 A-Sides
60%
25 Complete 5 B-Sides
60%
1 Get a 1-Up in 1A
60%
7 Get a 1-Up in 3 Chapters
60%
5 Get three 1-Ups
60%
7 Golden Ridge Blue Heart
60%
8 Grabless Cliff Face
60%
18 Grabless Hollows
60%
25 Reach Event Horizon (9 Checkpoint)
60%
10 Talk to Theo in Search
60%
21 Use 9 Binoculars
60%
25 15 Berries in 4 Chapters
57%
3 2 Cassettes
57%
14 3 optional Theo cutscenes
57%
19 45 Berries
57%
22 65 Berries
57%
18 Complete 4 A-Sides
57%
11 Get 10 Berries in PICO-8
57%
23 Grabless 6A
57%
7 Grabless Elevator Shaft
57%
6 Grabless Huge Mess
57%
9 Grabless Presidential Suite
57%
10 Grabless Search
57%
3 Grabless Start of 3A
57%
4 Grabless Start of 4A
57%
10 Grabless Unraveling
57%
16 Use 8 Binoculars
57%
22 10 Berries in 5 Chapters
55%
18 15 Berries in 2 Chapters
55%
23 5 Gems in The Summit
55%
2 Complete Awake without dashing
55%
17 Get 3 Keys in Power Source
55%
4 Get 5 Berries in PICO-8
55%
4 Get a 1-Up in 2A
55%
4 Get a 1-Up in 4A
55%
11 Grabless Depths
55%
13 Grabless Lake
55%
10 Use 1 Binocular in 4 Chapters
55%
17 Use 1 Binocular in 5 Chapters
55%
24 Use 2 Binoculars in 5 Chapters
55%
2 10 Berries in 1A
52%
5 3 Blue Hearts
52%
20 3 Gems in The Summit
52%
18 5 Blue Hearts
52%
19 All Berries in Hot and Cold (3)
52%
25 All Collectibles in 8A
52%
14 Complete PICO-8
52%
16 Get 15 Berries in PICO-8
52%
13 Get 1 Key in Power Source
52%
15 Get 2 Keys in Power Source
52%
16 Get 2 Keys in Search
52%
17 Get 4 Keys in Power Source
52%
6 Huge Mess: Chest -> Books -> Towel
52%
6 Huge Mess: Chest -> Towel -> Books
52%
6 Huge Mess: Towel -> Books -> Chest
52%
8 Huge Mess: Towel -> Chest -> Books
52%
19 Reach Rock Bottom (6A/6B Checkpoint)
52%
11 Stun Oshiro 10 Times
52%
21 Use 10 Binoculars
52%
16 Use 2 Binoculars in 3 Chapters
52%
22 Blue and Red Heart in Celestial Resort
50%
15 Blue and Red Heart in Golden Ridge
50%
6 Blue and Red Heart in Old Site
50%
15 Complete 2 A-Sides and 2 B-Sides
50%
14 Get 1 Key in Search
50%
16 Get 3 Keys in Search
50%
10 Get a 1-Up in 5A
50%
13 Get the Orb in PICO-8
50%
19 Grabless Rock Bottom
50%
8 Huge Mess: Books -> Chest -> Towel
50%
8 Huge Mess: Books -> Towel -> Chest
50%
17 Kill 2 Different Seekers
50%
16 Only bottom route in Hollows
50%
5 Reach Old Site in PICO-8
50%
23 Reach the Intro Car in Remembered
50%
3 10 Berries in 2A
48%
9 5 Berries in 5 Chapters
48%
6 Blue and Red Heart in Forsaken City
48%
19 Blue and Red Heart in Mirror Temple
48%
24 Blue and Red Heart in Reflection
48%
20 Complete 3 A-Sides and 3 B-Sides
48%
4 Complete Shrine without dashing
48%
23 Get 5 Keys in Power Source
48%
17 Kill 3 Different Seekers
48%
14 Only top route in Hollows
48%
21 20 Berries in 7A
45%
4 5 Berries in 4 Chapters
45%
16 5 Hearts
45%
21 7 Hearts
45%
9 Find Theo's Phone in 5A
45%
10 Get 2 Keys in 5B
45%
14 Kill a Seeker
45%
3 Read the Poem in 2A
45%
10 15 Berries in 4A
43%
7 2 Winged Berries in 2 Chapters
43%
3 5 Berries in 3 Chapters
43%
24 All Flags in 3000M
43%
18 Easteregg Room in Reflection
43%
8 Jump on 10 Snowballs
43%
13 Reach Library (3B Checkpoint)
43%
13 2 Blue and 2 Red Hearts
40%
21 6 Hearts
40%
22 Use all Binoculars in 1000M (4)
40%
18 3 Blue and 3 Red Hearts
38%
22 5 Keys in 2 Chapters
38%
12 Get the Key in Depths
38%
15 Mirror Temple A-Side
38%
24 Reach 2000M (7B Checkpoint)
38%
7 Read Diary in Elevator Shaft
38%
15 Stun Seekers 15 Times
38%
18 Stun Seekers 20 Times
38%
11 Use 5 Binoculars in B-Sides
38%
11 Use 6 Binoculars in B-Sides
38%
12 15 Berries in 3A
36%
16 20 Berries in 5A
36%
24 35 Berries in 7A
36%
20 Reflection A-Side
36%
19 Use All Binoculars in 500M (3)
36%
25 Visit the Bird's Nest in Epilogue
36%
12 Hit a Kevin block from all 4 sides
33%
13 Reflection Cutscene in Hollows
33%
22 Use 5 Binoculars in The Summit
33%
20 0M and 500M Gems
31%
22 1000M and 1500M Gems
31%
11 10 Berries in 3A
31%
23 2000M and 2500M Gems
31%
11 2 Keys in 2 Chapters
31%
3 Find Letter and PICO-8 in Huge Mess
31%
15 Use 5 Binoculars in Farewell
31%
1 Complete 1A Start without jumping
26%
18 Grabless Power Source
24%
17 Switch to Ice on the right of Into the Core
24%
No matching quizzes found
Score Distribution
Percent of People with Each Score
Percentile by Number Answered
Your Score History
You have not taken this quiz